Statistics for Land-Locked Countries with Navies

Click here to take the quiz!

General Stats

  • This quiz has been taken 49 times
  • The average score is 6 of 9

Answer Stats

Country% Correct
Kazakhstan
86%
Bolivia
77%
Turkmenistan
77%
Azerbaijan
73%
Paraguay
70%
Laos
57%
Central African Republic
52%
Rwanda
52%
Uganda
52%

Score Distribution

Percentile by Number Answered

Percent of People with Each Score

Your Score History

You have not taken this quiz